000 00636nam a22002297a 4500
003 UA-OsUOA
001 88223
007 ta
008 20121002b un ||||| |||| 00| 0 ukr d
100 _aЛевидов А. М.
090 _a82.09
_bЛ34
942 _cBK
040 _aUA-OsUOA
_brus
_cUA-OsUOA
_dUA-OsUOA
245 _aАвтор - образ - читатель
300 _a359 с.
955 _a1
041 _arus
080 _a82.09
260 _aЛенинград
_bИ-во Ленинградского у-та
_c1977
650 7 _a82 Література. Літературознавство
_2UDC
999 _c374650
_d374650